[Event "4NCL 3 South pool D"]
[Site "Reading, ENG"]
[Date "2018.05.05"]
[Round "9.85"]
[White "Davies, Peter"]
[Black "Compton, Alistair"]
[Result "0-1"]
[WhiteElo "1989"]
[BlackElo "2049"]
[PlyCount "82"]
[EventDate "2018.05.05"]

1. e4 e6 2. d4 d5 3. Nc3 Bb4 4. e5 c5 5. a3 Bxc3+ 6. bxc3 Qc7 7. Nf3 Nc6 8. Be2
Bd7 9. O-O f6 10. Bf4 Nge7 11. exf6 Qxf4 12. fxe7 c4 13. g3 Qf6 14. Qd2 Qxe7
15. Ne5 Nxe5 16. dxe5 O-O 17. f4 Rad8 18. Qd4 b6 19. a4 Be8 20. a5 b5 21. a6
Bg6 22. Bd1 Be4 23. Rf2 b4 24. cxb4 Qxb4 25. Bg4 Qe7 26. Rb1 Rb8 27. Rb7 Rxb7
28. axb7 Qxb7 29. Bxe6+ Kh8 30. Rf1 Qb6 31. Qxb6 axb6 32. Rb1 g5 33. f5 Bxc2
34. Rxb6 Bxf5 35. Bxd5 Rc8 36. Bb7 Rc7 37. Bd5 c3 38. Rb8+ Kg7 39. Rg8+ Kh6 40.
h4 gxh4 41. gxh4 c2 0-1

[Event "4NCL 3 South pool D"]
[Site "Reading, ENG"]
[Date "2018.05.05"]
[Round "9.86"]
[White "Gibson, Christopher A"]
[Black "Hughes, Anthony"]
[Result "1-0"]
[WhiteElo "1912"]
[BlackElo "1963"]
[PlyCount "83"]
[EventDate "2018.05.05"]

1. e4 c6 2. d4 d5 3. exd5 cxd5 4. c4 Nf6 5. Nc3 Nc6 6. Bg5 Be6 7. Be2 dxc4 8.
Bxf6 exf6 9. d5 Ne5 10. dxe6 fxe6 11. Qa4+ Qd7 12. Qxd7+ Kxd7 13. Nf3 Bd6 14.
Nxe5+ Bxe5 15. Bxc4 Rac8 16. Bb5+ Ke7 17. Rc1 Rc5 18. Ba4 b5 19. Bb3 Rhc8 20.
O-O a5 21. Rce1 a4 22. Bxe6 Kxe6 23. f4 a3 24. Nd1 Rc2 25. fxe5 fxe5 26. bxa3
Rxa2 27. Rf3 Rcc2 28. Rg3 Rd2 29. Ne3 Rxa3 30. Rxg7 h5 31. Rg6+ Kf7 32. Rg5 Kf6
33. Rxh5 Raa2 34. g3 b4 35. Ng4+ Kg6 36. Rhxe5 b3 37. Rb5 b2 38. Rb1 Rc2 39.
Ne5+ Kf6 40. Nd3 Ra1 41. R5xb2 Rxb2 42. Rxa1 1-0